书目信息 |
| 题名: |
国际贸易地理概论自学考试应试训练
|
|
| 作者: | 何云魁 , 于志达 | |
| 分册: | ||
| 出版信息: | 天津 南开大学出版社 2002 |
|
| 页数: | 259 | |
| 开本: | 20cm | |
| 丛书名: | ||
| 单 册: | ||
| 中图分类: | F742 | |
| 科图分类: | ||
| 主题词: | 商业经济 | |
| 电子资源: | ||
| ISBN: | 7-310-01798-6 | |
| 000 | 00598nam0 2200193 450 | |
| 001 | 0760515518 | |
| 005 | 20070817164835.51 | |
| 010 | @a7-310-01798-6@d¥14.00 | |
| 100 | @a20070817d km y0chiy0120 ea | |
| 101 | 0 | @achi |
| 200 | 1 | @a国际贸易地理概论自学考试应试训练@Aguo ji mao yi di li gai lun zi xue kao shi ying shi xun lian@f于志达,何云魁@Fyu zhi da,he yun kui |
| 210 | @a天津@c南开大学出版社@d2002 | |
| 215 | @a259@d20cm | |
| 606 | 0 | @a商业经济 |
| 690 | @aF742@v3 | |
| 701 | 0 | @a何云魁@Ahe yun kui |
| 701 | 0 | @a于志达@Ayu zhi da |
| 801 | 0 | @aCN@bPFT@c20070817 |
| 905 | @a213230@dF742@eg102@f1 | |
| 国际贸易地理概论自学考试应试训练/于志达,何云魁.-天津:南开大学出版社,2002 |
| 259;20cm |
| ISBN 7-310-01798-6:¥14.00 |
| ● |
| 相关链接 |
|
|
|
|
正题名:国际贸易地理概论自学考试应试训练
索取号:F742/g102
 
预约/预借
| 序号 | 登录号 | 条形码 | 馆藏地/架位号 | 状态 | 备注 |
| 1 | 6502390 | 265023903 | 密集书库-海洋学院/ [索取号:F742/g102] | 在馆 | |
| 2 | 6502391 | 265023912 | 密集书库-海洋学院/ [索取号:F742/g102] | 在馆 |